Taylor Swift - Getaway Car - Statistics

General Stats
  • This quiz has been taken 316 times
    262 since last reset
  • The average score is 480 of 543
Answer Stats
Answer % Correct
a
99%
car
99%
get
99%
getaway
99%
I
99%
in
99%
In
99%
the
99%
The
99%
we
98%
We
98%
where
98%
you
98%
You
98%
and
97%
And
97%
It
97%
it
97%
me
97%
was
97%
were
97%
we're
97%
We're
97%
time
96%
"Go
94%
go
94%
go!"
94%
be
93%
But
93%
but
93%
drivin'
93%
never
93%
No
93%
no
93%
to
93%
of
92%
far
91%
first
91%
good
91%
ever
90%
my
90%
He
89%
he
89%
met
89%
nothing
89%
best
88%
it's
88%
It's
88%
keys
88%
place
88%
starts
88%
That
88%
Think
88%
win
88%
worst
88%
your
88%
about
87%
saw
87%
bar
86%
crimes
86%
flyin’
86%
last
86%
money
86%
Oh
86%
side
86%
stole
86%
times
85%
apart
84%
leave
84%
motel
84%
we'd
84%
well
84%
bag
83%
didn't
82%
didn’t
82%
fell
82%
see
82%
us
82%
Bonnie
81%
Don't
80%
left
80%
shot
80%
white
80%
Clyde
79%
black
78%
heart
78%
knew
78%
other
78%
X
78%
dark
77%
had
77%
marks
77%
pretend
77%
spot
77%
'Cause
76%
from
76%
lies
76%
lyin'
76%
myself
76%
mystery
76%
screamin’
76%
such
76%
reason
75%
wanted
75%
both
74%
cursed
74%
I'm
74%
match
74%
mean
74%
Put
74%
him
73%
needed
73%
Old
73%
sorry
73%
surprise
73%
There
73%
traitors
73%
turned
73%
Until
73%
shotgun
72%
beat
71%
blew
71%
candlelight
71%
honey
71%
I'd
71%
just
71%
love
71%
mind
71%
on
71%
switched
71%
gray
70%
jet
70%
Ridin'
70%
ridin'
70%
shades
70%
cryin'
69%
Fashioned
69%
like
69%
now
69%
set
69%
sirens
69%
struck
69%
ties
69%
dyin'
68%
poisoned
68%
story
68%
for
67%
prison
67%
three
67%
break
66%
drinkin’
65%
goodbye
65%
great
65%
thinkin’
65%
escape
64%
known
63%
light
63%
Said
63%
hit
62%
after
61%
ain't
61%
Should've
61%
sideshow
61%
circus
59%
face
59%
weren't
59%
every
58%
with
58%
freedom
57%
himself
57%
man
55%
runnin'
54%
they
54%
While
26%
No matching quizzes found
Score Distribution
Percent of People with Each Score
Percentile by Number Answered
Your Score History
You have not taken this quiz since the last reset